| 000 | 00749nam a2200241 a 4500 | ||
|---|---|---|---|
| 001 | BRL_184 | ||
| 005 | 20190320210627.0 | ||
| 008 | 880620s1985 mx-######b---f000-0#spa-# | ||
| 020 | _a9682905230 | ||
| 040 |
_aDLC _cDLC _dDLC |
||
| 050 | 4 |
_aF1232 _b.M67 1985 |
|
| 240 | 1 | 0 |
_aSelections _f1985 |
| 245 | 1 | 0 |
_aMorelos _bantología documental _cestudio introductorio y selección de documentos, Carlos Herrejón Peredo. |
| 260 |
_aMéxico _bSEP _c1985 |
||
| 300 |
_a178 p. _c21 cm. |
||
| 440 | 0 |
_aCien de México _93027 |
|
| 500 | _aAu258 | ||
| 600 | 1 | 4 |
_aMorelos, José María _d1765-1815 _94376 |
| 651 | 4 |
_aMéxico _xHistoria _yGuerra de Independencia, 1810-1821 _923160 |
|
| 700 | 1 |
_aHerrejón Peredo, Carlos _94374 |
|
| 902 | _aGRL | ||
| 942 |
_2lcc _cB |
||
| 999 |
_c8997 _d8997 |
||